6. I Wish - UAN - Statistics

General Stats
  • This quiz has been taken 2 times
  • The average score is 122 of 242
Answer Stats
Hint Answer % Correct
Verse 1 - Zayn | Verse 3 - Harry and Niall He
100%
takes
100%
a
50%
all
50%
always
50%
And
50%
apart
50%
at
50%
back
50%
beat
50%
been
50%
breaking
50%
But
50%
by
50%
call
50%
can't
50%
cause
50%
Chorus - Liam and Zayn | Pre-Chorus - Harry and Zayn Cause
50%
could
50%
dance
50%
dancing
50%
die
50%
do
50%
Does
50%
don't
50%
dying
50%
eyes
50%
freeze
50%
get
50%
gets
50%
getting
50%
good
50%
got
50%
hand
50%
hands
50%
hear
50%
heart
50%
him
50%
how
50%
I
50%
Harry If
50%
I'm
50%
in
50%
it
50%
I've
50%
just
50%
kiss
50%
know
50%
later
50%
like
50%
little
50%
look
50%
looks
50%
louder
50%
me
50%
moonlight
50%
My
50%
my
50%
near
50%
never
50%
night
50%
of
50%
Oh
50%
on
50%
only
50%
riddles
50%
say
50%
see
50%
Slow
50%
Tearing
50%
tell
50%
that
50%
The
50%
the
50%
then
50%
things
50%
three
50%
tied
50%
time
50%
to
50%
tongue
50%
trapped
50%
try
50%
turn
50%
waist
50%
walk
50%
wanna
50%
was
50%
watch
50%
way
50%
we
50%
Verse 2 - Liam When
50%
Whenever
50%
While
50%
Why
50%
wish
50%
with
50%
Pre-chorus - Harry and Zayn With
50%
words
50%
would
50%
you
50%
you'll
50%
your
50%
wist
0%
No matching quizzes found
Score Distribution
Percent of People with Each Score
Percentile by Number Answered
Your Score History
You have not taken this quiz